[Event "Kimry Summer op 45th"]
[Site "Kimry"]
[Date "2009.06.14"]
[Round "8"]
[White "Sergeev, Igor"]
[Black "Kolpakov, Nikolay Anastasievi"]
[Result "1-0"]
[WhiteElo "2450"]
[BlackElo "2240"]
[PlyCount "79"]
[EventDate "2009.06.11"]
[EventType "swiss"]
[EventRounds "8"]
[EventCountry "RUS"]
[SourceTitle "EXT 2022"]
[Source "ChessBase"]
[SourceDate "2021.10.06"]
[SourceVersion "1"]
[SourceVersionDate "2021.10.06"]
[SourceQuality "1"]

1. e4 d5 2. exd5 Nf6 3. d4 Nxd5 4. Nf3 Bg4 5. Be2 Nc6 6. 0-0 e6 7. c4 Nb6 8. c5 Nd5 9. Nc3 Be7 10. h3 Bh5 11. Be3 0-0 12. Rc1 a6 13. Nxd5 Qxd5 14. Bc4 Bxf3 15. Bxd5 Bxd1 16. Bxc6 bxc6 17. Rfxd1 Rab8 18. b3 Rfd8 19. Rc4 a5 20. Rdc1 Bf6 21. Ra4 Rb5 22. f4 h5 23. Kf2 h4 24. Rcc4 Rdb8 25. Bd2 Ra8 26. Kf3 g6 27. Ke4 Bg7 28. Ra3 f5+ 29. Kd3 Kf7 30. Rca4 Rd8 31. Ke3 g5 32. fxg5 e5 33. dxe5 Bxe5 34. Rxh4 Rxc5 35. Rxa5 f4+ 36. Ke4 Rd4+ 37. Kf5 Bd6+ 38. Rxc5 Bxc5 39. Bxf4 Rd5+ 40. Be5 1-0

[Event "Kimry Summer op 45th"]
[Site "Kimry"]
[Date "2009.06.12"]
[Round "3"]
[White "Nikolaev, Dmitriy"]
[Black "Sergeev, Igor"]
[Result "1/2-1/2"]
[WhiteElo "2213"]
[BlackElo "2450"]
[PlyCount "61"]
[EventDate "2009.06.11"]
[EventType "swiss"]
[EventRounds "8"]
[EventCountry "RUS"]
[SourceTitle "EXT 2022"]
[Source "ChessBase"]
[SourceDate "2021.10.06"]
[SourceVersion "1"]
[SourceVersionDate "2021.10.06"]
[SourceQuality "1"]

1. e4 c5 2. Nf3 Nc6 3. d4 cxd4 4. Nxd4 Nf6 5. Nc3 e5 6. Ndb5 d6 7. Bg5 a6 8. Na3 b5 9. Nd5 Qa5+ 10. Bd2 Qd8 11. Bg5 Be7 12. Nxe7 Nxe7 13. Bxf6 gxf6 14. c4 Qa5+ 15. Qd2 Qxd2+ 16. Kxd2 b4 17. Nc2 Nc6 18. Be2 Be6 19. Rhf1 f5 20. exf5 Bxf5 21. Bf3 Rc8 22. Bxc6+ Rxc6 23. Ne3 Be6 24. b3 Ke7 25. f4 f6 26. a3 Rd8 27. Ke2 d5 28. fxe5 fxe5 29. cxd5 Bxd5 30. axb4 Bxb3 31. Rf5 1/2-1/2

[Event "Dubna-ch"]
[Site "Dubna"]
[Date "2009.02.21"]
[Round "6"]
[White "Kuryshkin, Anatoliy"]
[Black "Sergeev, Igor"]
[Result "0-1"]
[WhiteElo "1976"]
[BlackElo "2443"]
[PlyCount "68"]
[EventDate "2009.02.16"]
[EventType "tourn"]
[EventRounds "11"]
[EventCountry "RUS"]
[SourceTitle "EXT 2012"]
[Source "ChessBase"]
[SourceDate "2011.11.24"]
[SourceVersion "1"]
[SourceVersionDate "2011.11.24"]
[SourceQuality "1"]

1. e4 e5 2. Nf3 Nc6 3. c3 f5 4. d4 fxe4 5. Nxe5 Qf6 6. Ng4 Qg6 7. d5 h5 8. dxc6 hxg4 9. cxb7 Bxb7 10. Bf4 Qb6 11. Qb3 Bc5 12. Qxb6 Bxb6 13. Na3 d5 14. Nb5 0-0-0 15. Be2 Nf6 16. Be5 Rhg8 17. a4 a5 18. Bd4 c5 19. Be5 Bc6 20. Nd6+ Kd7 21. Nf5 Ke6 22. Bxf6 gxf6 23. Nh6 Rg5 24. Nxg4 f5 25. Ne3 f4 26. Ng4 Kf5 27. f3 d4 28. 0-0-0 d3 29. fxe4+ Bxe4 30. Bf3 Rxg4 31. Bxg4+ Kxg4 32. Rhe1 Kf5 33. g3 c4 34. gxf4 Bf2 0-1